书目信息

书名: 中学基础知识概要 
作者:
出版信息: 成都   四川人民出版社  1981.01
开本页数: 19cm  465页
丛书名:
单 册:
中图分类: O4
科图分类:
主题词: 物理学
电子资源:
ISBN:
000 00491nam0 2200193 450
001 0650477922
005 20060222140213.95
010    @dCNY1.02
100    @a20060222d1981 km y0chiy0120 ea
101 @achi
102    @aCN@b510000
200 @a中学基础知识概要@Azhong xue ji chu zhi shi gai yao@e物理
210    @a成都@c四川人民出版社@d1981.01
215    @a465页@d19cm
517 @a物理@Awu li
606 @a物理学
690    @aO4@v4
801  0 @aCN@bNISOFT@c20060222
905    @a10447@dO4@e245
    
    中学基础知识概要:物理.-成都:四川人民出版社,1981.01
    465页;19cm
    
    
    ISBN :CNY1.02
    
相关链接 在五车中查询图书 在当当中查询图书 在豆瓣中查询图书


正题名:中学基础知识概要     索取号:O4/245         预约/预借

序号 登录号 条形码 馆藏地/架位号 状态 备注
1 52320   200523200   海科密-1楼/46架13列1层/ [索取号:O4/245] 在馆    
2 52321   200523219   海科密-1楼/46架13列1层/ [索取号:O4/245] 在馆